Effect of usage cassav leaves meal by adding plant oil on the growth rate of hubbard chicken at the research station of R.U.A(ឥទ្ធិពលនៃការប្រើប្រាស់ស្លឹកដំឡូងមីដោយបន្ថែមប្រេងរុក្ខជាតិ ទៅលើការលូតលាស់របស់ពូជមាន់ HUBBARD នៅស្ថានីយ៍ចិញ្ចឹមសត្វ នៃសាកលវិទ្យាល័យភូមិន្ទកសិកម្ម) (Record no. 1823)

000 -LEADER
fixed length control field 00903nam a22001577a 4500
003 - CONTROL NUMBER IDENTIFIER
control field OSt
005 - DATE AND TIME OF LATEST TRANSACTION
control field 20151003154652.0
008 - FIXED-LENGTH DATA ELEMENTS--GENERAL INFORMATION
fixed length control field 151003b xxu||||| |||| 00| 0 eng d
040 ## - CATALOGING SOURCE
Transcribing agency RUA
082 ## - DEWEY DECIMAL CLASSIFICATION NUMBER
Classification number AVM HUN 1993 B073 Or.1
100 ## - MAIN ENTRY--PERSONAL NAME
9 (RLIN) 1927
Personal name HUN RASMEY
245 ## - TITLE STATEMENT
Title Effect of usage cassav leaves meal by adding plant oil on the growth rate of hubbard chicken at the research station of R.U.A(ឥទ្ធិពលនៃការប្រើប្រាស់ស្លឹកដំឡូងមីដោយបន្ថែមប្រេងរុក្ខជាតិ ទៅលើការលូតលាស់របស់ពូជមាន់ HUBBARD នៅស្ថានីយ៍ចិញ្ចឹមសត្វ នៃសាកលវិទ្យាល័យភូមិន្ទកសិកម្ម)
260 ## - PUBLICATION, DISTRIBUTION, ETC. (IMPRINT)
Place of publication, distribution, etc. phnom penh
Name of publisher, distributor, etc. RUA
Date of publication, distribution, etc. 1993
300 ## - PHYSICAL DESCRIPTION
Extent viii, 38p.
Other physical details ill.
Dimensions 29cm.
942 ## - ADDED ENTRY ELEMENTS (KOHA)
Source of classification or shelving scheme
Koha item type AVM
Holdings
Price effective from Date last seen Permanent Location Not for loan Date acquired Source of classification or shelving scheme Koha item type Lost status Withdrawn status Date last checked out Total Checkouts Shelving location Damaged status Barcode Current Location Full call number
2015-10-032015-10-03Library Block B 2015-10-03 AVM    B073 RUA015294Library Block BAVM HUN 1993 B073 Or.1
2015-10-032015-10-03Library Block B 2015-10-03 AVM    B073 RUA015072Library Block BAVM HUN 1993 B073 Or.2
2015-10-032018-12-26Library Block B 2015-10-03 AVM  2018-12-051B073 RUA009816Library Block BAVM HUN 1993 B073 Or.3
មជ្ឈមណ្ឌលឯការនៃសាកលវិទ្យាល័យភូមិន្ទកសិកម្មចំការដូង

Powered by Koha